000 00635nam a2200205 i 4500
001 50590
003 ES-MaACL
005 20250902025049.0
007 t|
008 030805s1970 sp ||||1| spa d
100 1 _aChacón Xerica, Enrique.
_937757
245 1 3 _aLa investigación operativa /
_cpor E. Chacón.
260 _aMadrid :
_bIberico Europea de EdicionesI,
_c[1970]
300 _a245 p. ;
_c21 cm.
490 1 _aLa Empresa Moderna
650 4 _aProgramación dinámica.
_9168462
830 0 3 _aLa empresa moderna (Ibérico Europea)
_9181582
852 _aES-MaACL
_jC-46227
_bR.74756
999 _c50590
_d50590